[Event "Wch U10"]
[Site "Batumi"]
[Date "2022.09.27"]
[Round "11"]
[White "Obidov, Biloliddin"]
[Black "Bulgak, Damir"]
[Result "1-0"]
[WhiteElo "1094"]
[BlackElo "1440"]
[PlyCount "91"]
[EventDate "2022.09.16"]
[EventType "swiss"]
[EventRounds "11"]
[EventCountry "GEO"]
[SourceTitle "EXT 2023"]
[Source "ChessBase"]
[SourceDate "2022.10.05"]
[SourceVersion "1"]
[SourceVersionDate "2022.10.05"]
[SourceQuality "1"]

1. e4 c6 2. d4 d5 3. Nc3 dxe4 4. Nxe4 Bf5 5. Ng3 Bg6 6. Nf3 Nd7 7. h4 h6 8. Bd3 Bxd3 9. Qxd3 e6 10. Bd2 Ngf6 11. 0-0-0 Be7 12. Ne4 Nxe4 13. Qxe4 Nf6 14. Qd3 Qd5 15. c4 Qe4 16. Qb3 0-0 17. Rde1 Qf5 18. Ne5 h5 19. f3 Rad8 20. Qxb7 Bd6 21. Nxc6 Rd7 22. Qb5 Qh7 23. Ne5 Rc7 24. c5 Bxe5 25. Rxe5 Nd7 26. Re3 e5 27. Ba5 Qh6 28. Bxc7 Qxe3+ 29. Kb1 Qxd4 30. c6 Nc5 31. Rc1 Rc8 32. Qxc5 Qxc5 33. Rxc5 Rxc7 34. b4 f6 35. b5 Kf7 36. a4 Ke7 37. Rd5 a5 38. Kc2 g6 39. Kc3 Kf7 40. Kc4 Re7 41. b6 Ke6 42. c7 Re8 43. b7 Kf5 44. Rd8 Re7 45. c8Q+ Kf4 46. b8Q 1-0

[Event "Wch U10"]
[Site "Batumi"]
[Date "2022.09.19"]
[Round "4"]
[White "Akhmet, Suleyman"]
[Black "Obidov, Biloliddin"]
[Result "1/2-1/2"]
[WhiteElo "1521"]
[BlackElo "1094"]
[PlyCount "47"]
[EventDate "2022.09.16"]
[EventType "swiss"]
[EventRounds "11"]
[EventCountry "GEO"]
[SourceTitle "EXT 2023"]
[Source "ChessBase"]
[SourceDate "2022.10.05"]
[SourceVersion "1"]
[SourceVersionDate "2022.10.05"]
[SourceQuality "1"]

1. d4 Nf6 2. c4 g6 3. Nc3 Bg7 4. e4 d6 5. Nge2 0-0 6. Ng3 e5 7. d5 Nbd7 8. Bd3 Nc5 9. Bc2 a5 10. 0-0 b6 11. h3 Bd7 12. Be3 Na6 13. a3 Qc8 14. Kh2 Nc5 15. b4 Nb7 16. Qd2 Ne8 17. Nge2 f5 18. exf5 Bxf5 19. Ne4 Bxe4 20. Bxe4 Nf6 21. Bc2 Nh5 22. g3 Nf6 23. Nc3 Nd8 24. c5 1/2-1/2